00509 a2200169 450000100060000002000180000604000220002410000310004624000500007724500450012730000080017236200090018065000170018994200070020695201090021399900170032262949 a9788585819095 cAnchieta - Pituba aVasconcellos, Celso dos S.10aCoordenação do trabalho pedagógicolpor10aCoordenação do trabalho pedagógico a2130 a2013 4aEducação cBK 00104070a91.1b91.1d2023-11-21l0o370 V331c VAS COOp16225/PITr2023-11-21 18:31:34w2023-11-21yBK c62949d62949